000 00206nam a2200097Ia 4500
999 _c8653
_d8653
100 _aS.M.Yusuf
245 0 _aMathematical Methods
260 _aLahore
_bIlmi Kitab Khana
_c1999
300 _a584
942 _cBK